The limits to growth (Record no. 82199)
[ view plain ]
| 000 -LEADER | |
|---|---|
| fixed length control field | 00785nam a2200193 a 4500 |
| 008 - FIXED-LENGTH DATA ELEMENTS--GENERAL INFORMATION | |
| fixed length control field | 120416s1974 ||||||||||||||||| || u |
| 020 ## - INTERNATIONAL STANDARD BOOK NUMBER | |
| International Standard Book Number | 0876632223 |
| 050 ## - LIBRARY OF CONGRESS CALL NUMBER | |
| Classification number | HC 59 Lim |
| 245 14 - TITLE STATEMENT | |
| Title | The limits to growth |
| 246 ## - | |
| -- | a report for the club of Rome's project on the predicament of mankind |
| 250 ## - EDITION STATEMENT | |
| Edition statement | 2nd ed. |
| 260 ## - PUBLICATION, DISTRIBUTION, ETC. | |
| Place of publication, distribution, etc. | New York |
| Name of publisher, distributor, etc. | Universe Books |
| Date of publication, distribution, etc. | 1974 |
| 300 ## - PHYSICAL DESCRIPTION | |
| Extent | 205p. : ill. |
| 350 ## - | |
| -- | 0.00 |
| 650 ## - SUBJECT ADDED ENTRY--TOPICAL TERM | |
| Topical term or geographic name entry element | ECONOMIC GROWTH |
| 650 #0 - SUBJECT ADDED ENTRY--TOPICAL TERM | |
| Topical term or geographic name entry element | ECONOMICS |
| 995 ## - | |
| -- | MAIN LIBRARY OPEN ACCESS |
| -- | 0.00 |
| -- | 712464 |
| -- | CBU-MAIN LIBRARY (Kitwe) |
| -- | 2 |
| -- | 10.00 |
| -- | HC 59 Lim |
| -- | 2 |
| -- | AVAILABLE |
| -- | 002035 |
| -- | Main Library Open Access Collection |
| 995 ## - | |
| -- | MAIN LIBRARY OPEN ACCESS |
| -- | 0.00 |
| -- | 712464 |
| -- | CBU-MAIN LIBRARY (Kitwe) |
| -- | 1 |
| -- | 10.00 |
| -- | HC 59 Lim |
| -- | 1 |
| -- | AVAILABLE |
| -- | 002036 |
| -- | Main Library Open Access Collection |
| 999 ## - | |
| -- | 82199 |
| -- | 82199 |
No items available.